|
|
|
|
| LEADER |
01112nam a2200265 a 4500 |
| 001 |
1302834 |
| 008 |
090816r20041977onc b 001 0 eng d |
| 010 |
|
|
|a 77005514
|
| 020 |
|
|
|a 0415312809
|
| 040 |
|
|
|a DLC
|c DLC
|d DLC
|
| 082 |
0 |
0 |
|a 808
|2 18
|
| 100 |
1 |
|
|a Ricœur, Paul.
|
| 240 |
1 |
0 |
|a Métaphore vive.
|l English
|
| 245 |
1 |
4 |
|a The rule of metaphor :
|b the creation of meaning in language /
|c Paul Ricoeur ; translated by Robert Czerny ; with Kathleen McLaughlin and John Costello.
|
| 260 |
|
|
|a Toronto ;
|a Buffalo :
|b University of Toronto Press,
|c c1977.
|
| 300 |
|
|
|a ix, 453 p. ;
|c 20 cm.
|
| 490 |
0 |
|
|a University of Toronto romance series ;
|v 37
|
| 500 |
|
|
|a Translation of La métaphore vive.
|
| 504 |
|
|
|a Includes Bibliography (p. [369]-380) and index.
|
| 541 |
1 |
|
|e 00015887
|
| 650 |
|
0 |
|a Metaphor.
|
| 830 |
|
0 |
|a University of Toronto romance series ;
|v 37.
|
| 852 |
4 |
|
|a Ayesha Abed Library
|j General shelf
|
| 999 |
|
|
|c 3159
|d 3159
|
| 952 |
|
|
|0 0
|1 0
|2 ddc
|4 0
|6 808_RIC_200300000000000
|7 0
|9 2863
|a BRACUL
|b BRACUL
|c GEN
|d 2009-08-30
|g 680.00
|l 1
|m 9
|o 808 RIC
|p 3010015887
|r 2023-10-10
|s 2023-07-12
|t 1
|v 1360.00
|w 2009-08-30
|y BK
|